The 8th habit : (Record no. 621)

000 -LEADER
fixed length control field nam a22 a 4500
003 - CONTROL NUMBER IDENTIFIER
control field AKMAL
005 - DATE AND TIME OF LATEST TRANSACTION
control field 20170504123942.0
008 - FIXED-LENGTH DATA ELEMENTS--GENERAL INFORMATION
fixed length control field 170504t2004 - a e b 001 0 eng d
020 ## - INTERNATIONAL STANDARD BOOK NUMBER
International Standard Book Number 0743274180
Terms of availability RM89.90
040 ## - CATALOGING SOURCE
Original cataloging agency AKMAL
082 00 - DEWEY DECIMAL CLASSIFICATION NUMBER
Classification number 158.2 COV
Edition number 22
090 00 - LOCALLY ASSIGNED LC-TYPE CALL NUMBER (OCLC); LOCAL CALL NUMBER (RLIN)
Classification number (OCLC) (R) ; Classification number, CALL (RLIN) (NR) 158.2
Local cutter number (OCLC) ; Book number/undivided call number, CALL (RLIN) COV
100 1# - MAIN ENTRY--PERSONAL NAME
Personal name Covey, Stephen R.
9 (RLIN) 1295
245 14 - TITLE STATEMENT
Title The 8th habit :
Remainder of title from effectiveness to greatness /
Statement of responsibility, etc. Stephen R. Covey
246 3# - VARYING FORM OF TITLE
Title proper/short title Eight habit
260 ## - PUBLICATION, DISTRIBUTION, ETC.
Place of publication, distribution, etc. New York :
Name of publisher, distributor, etc. Simon & Schuster,
Date of publication, distribution, etc. 2004
300 ## - PHYSICAL DESCRIPTION
Extent xvi, 409p. :
Other physical details ill. ;
Dimensions 25cm. +
Accompanying material 1 computer laser optical disc (4 3/4 in.)
504 ## - BIBLIOGRAPHY, ETC. NOTE
Bibliography, etc. note Includes bibliographical references and index
650 10 - SUBJECT ADDED ENTRY--TOPICAL TERM
Topical term or geographic name entry element Self-actualization (Psychology)
9 (RLIN) 1127
650 20 - SUBJECT ADDED ENTRY--TOPICAL TERM
Topical term or geographic name entry element Success
9 (RLIN) 2
650 20 - SUBJECT ADDED ENTRY--TOPICAL TERM
Topical term or geographic name entry element Satisfaction
9 (RLIN) 1335
650 20 - SUBJECT ADDED ENTRY--TOPICAL TERM
Topical term or geographic name entry element Vocation
9 (RLIN) 1336
856 42 - ELECTRONIC LOCATION AND ACCESS
Materials specified Publisher description
Uniform Resource Identifier http://www.loc.gov/catdir/description/simon051/2004056371.html
942 ## - ADDED ENTRY ELEMENTS (KOHA)
Source of classification or shelving scheme
Koha item type Book
Holdings
Withdrawn status Lost status Source of classification or shelving scheme Damaged status Not for loan Collection code Home library Current library Shelving location Date acquired Inventory number Total Checkouts Total Renewals Full call number Barcode Date last seen Date last checked out Price effective from Koha item type
          NON-FICTION AKMAL Melaka AKMAL Melaka PINJAMAN 04.05.2017 100494 4 3 158.2 COV 201701527 22.05.2018 14.05.2018 04.05.2017 Book
Pusat Sumber Maklumat Dato' Haji Sarmin Md Hussin, Akademi Kastam Diraja Malaysia, Melaka
Tel: 06-2331106 | Faks: 06-2313787